000 00651nam a22002057a 4500
003 0
005 20230913113648.0
008 230913b xxu||||| |||| 00| 0 eng d
020 _a978-0-323-79238-7
050 _aRT 41
_b.St78 2023
245 _a Study guide for Lewis's medical-surgical nursing : assessment and management of clinical problems
250 _aTwelfth edition
260 _aMissouri
_bElsevier
_cc2023.
300 _avi, 535 pages :
_bcol. ill. ;
_c28 cm.
500 _aNursing.
504 _aIncludes bibliographical references, glossary and index.
650 _aNursing.
650 _aSurgical nursing.
942 _2lcc
_cBK
999 _c365293
_d365293